[Event "Bolton Easter op"]
[Site "Bolton"]
[Date "2024.03.29"]
[Round "2"]
[White "Ridge, Michael"]
[Black "Owen, Dennis P"]
[Result "0-1"]
[WhiteElo "1897"]
[BlackElo "1974"]
[PlyCount "46"]
[EventDate "2024.03.29"]
[EventType "swiss"]
[EventRounds "6"]
[EventCountry "ENG"]
[SourceTitle "CB18_2024"]
[SourceDate "2024.05.01"]
[SourceVersion "1"]
[SourceVersionDate "2024.05.01"]
[SourceQuality "2"]

1. e4 e6 2. d4 d5 3. e5 c5 4. c3 Nc6 5. Nf3 Qb6 6. Bd3 f6 7. 0-0 Bd7 8. dxc5 Bxc5 9. b4 Be7 10. Bf4 Nxe5 11. Bxe5 fxe5 12. Nxe5 Nf6 13. g4 Bd6 14. Re1 Bxe5 15. Rxe5 0-0 16. Qe2 Rae8 17. h3 Qd6 18. Nd2 g6 19. Nf3 Ne4 20. Bxe4 dxe4 21. Rxe4 Bc6 22. Re3 Rxf3 23. Rxf3 Qd5 0-1

[Event "Scarborough op"]
[Site "Scarborough"]
[Date "2023.10.29"]
[Round "4"]
[White "Ridge, Michael"]
[Black "Isaacs, Ruairi"]
[Result "1-0"]
[WhiteElo "1783"]
[BlackElo "1457"]
[PlyCount "61"]
[EventDate "2023.10.27"]
[EventType "swiss"]
[EventRounds "5"]
[EventCountry "ENG"]
[SourceTitle "Mega2024 Update 01"]
[Source "Chessbase"]
[SourceDate "2023.11.12"]
[SourceVersion "1"]
[SourceVersionDate "2023.11.12"]
[SourceQuality "1"]

1. e4 c5 2. d4 cxd4 3. c3 dxc3 4. Nxc3 e6 5. Nf3 Bb4 6. Qd4 Bxc3+ 7. bxc3 f6 8. Bc4 Nc6 9. Qd3 Nge7 10. a4 0-0 11. 0-0 Ng6 12. Ba2 Qa5 13. Be3 Rd8 14. Rfd1 b6 15. Qb5 Ba6 16. Qxa5 Nxa5 17. Rd4 Rac8 18. Rad1 Bc4 19. Bxc4 Rxc4 20. Rxd7 Rxd7 21. Rxd7 Rxa4 22. g3 Nc4 23. Nd4 Nf8 24. Rc7 Nxe3 25. fxe3 g6 26. Rc8 Kg7 27. Rc7+ Kh6 28. Rf7 e5 29. Rxf8 exd4 30. cxd4 Kg7 31. Rb8 1-0

[Event "Scarborough op"]
[Site "Scarborough"]
[Date "2023.10.28"]
[Round "3"]
[White "Gosling, Marcus"]
[Black "Ridge, Michael"]
[Result "1/2-1/2"]
[WhiteElo "1916"]
[BlackElo "1783"]
[PlyCount "84"]
[EventDate "2023.10.27"]
[EventType "swiss"]
[EventRounds "5"]
[EventCountry "ENG"]
[SourceTitle "Mega2024 Update 01"]
[Source "Chessbase"]
[SourceDate "2023.11.12"]
[SourceVersion "1"]
[SourceVersionDate "2023.11.12"]
[SourceQuality "1"]

1. d4 Nf6 2. Bg5 g6 3. c4 Bg7 4. Nf3 c5 5. Nc3 cxd4 6. Nxd4 Nc6 7. e3 Qa5 8. Bxf6 Bxf6 9. Be2 0-0 10. 0-0 Bg7 11. Nd5 e6 12. Nc3 Nxd4 13. exd4 d5 14. cxd5 exd5 15. Bf3 Be6 16. Qd2 Rac8 17. a3 Rfd8 18. Rfd1 a6 19. Qe3 b5 20. h3 Qb6 21. Be2 h5 22. a4 b4 23. a5 Qa7 24. Na4 Rc6 25. Nc5 Bxd4 26. Qxd4 Qxc5 27. Qxc5 Rxc5 28. Rdc1 Rxc1+ 29. Rxc1 Rc8 30. Rxc8+ Bxc8 31. Kf1 Kg7 32. Ke1 Kf6 33. Kd2 Ke5 34. Kc2 Kd4 35. Kb3 Kc5 36. h4 d4 37. Kc2 Bf5+ 38. Kd2 d3 39. Bxd3 Bxd3 40. Kxd3 Kb5 41. b3 Kxa5 42. Kc4 Kb6 1/2-1/2

[Event "SCO-ch op 128th"]
[Site "Dunfermline"]
[Date "2023.07.08"]
[Round "2"]
[White "Ridge, Michael"]
[Black "Ford, Nikodem"]
[Result "1-0"]
[WhiteElo "1792"]
[BlackElo "1160"]
[PlyCount "107"]
[EventDate "2023.07.07"]
[EventType "swiss"]
[EventRounds "5"]
[EventCountry "SCO"]
[SourceTitle "CBM 215 Extra"]
[Source "ChessBase"]
[SourceDate "2023.09.30"]
[SourceVersion "1"]
[SourceVersionDate "2023.09.30"]
[SourceQuality "1"]

1. e4 c5 2. d4 cxd4 3. c3 dxc3 4. Nxc3 Nc6 5. Nf3 d6 6. Bc4 Nf6 7. e5 dxe5 8. Qxd8+ Nxd8 9. Nb5 Rb8 10. Nxe5 e6 11. Nc7+ Ke7 12. Be3 b6 13. Rd1 Nd7 14. Bf4 Rb7 15. Nxd7 Bxd7 16. Ba6 Rxc7 17. Bxc7 Nc6 18. Bd6+ Ke8 19. Bxf8 Rxf8 20. Bb5 Ke7 21. 0-0 Rd8 22. Bxc6 Bxc6 23. Rxd8 Kxd8 24. f4 Ke7 25. g3 f6 26. Kf2 e5 27. fxe5 fxe5 28. Ke3 e4 29. Rc1 Kd6 30. b3 Bb7 31. Rd1+ Ke7 32. b4 b5 33. Rc1 Kd6 34. a3 a6 35. h4 g6 36. g4 h6 37. g5 h5 38. Rf1 Kd5 39. Rf6 Kc4 40. Rxg6 Kb3 41. Rb6 Bc8 42. g6 Kxa3 43. g7 Kxb4 44. g8Q Bg4 45. Rxa6 Kc3 46. Ra3+ Kb4 47. Qb3+ Kc5 48. Kxe4 b4 49. Ra5+ Kc6 50. Qxb4 Bf5+ 51. Kxf5 Kc7 52. Ra6 Kd7 53. Qb7+ Ke8 54. Ra8# 1-0

[Event "Ayr op"]
[Site "Ayr"]
[Date "2023.05.20"]
[Round "2"]
[White "Ridge, Michael"]
[Black "Beeby, Richard"]
[Result "1-0"]
[WhiteElo "1818"]
[BlackElo "1630"]
[PlyCount "55"]
[EventDate "2023.05.19"]
[EventType "swiss"]
[EventRounds "5"]
[EventCountry "SCO"]
[SourceTitle "EXT 2024"]
[Source "ChessBase"]
[SourceDate "2023.10.10"]
[SourceVersion "1"]
[SourceVersionDate "2023.10.10"]
[SourceQuality "1"]

1. e4 d6 2. d4 Nf6 3. Nc3 g6 4. Nf3 Bg7 5. h3 0-0 6. Be3 c6 7. Be2 Qb6 8. a3 Nfd7 9. 0-0 Qc7 10. a4 a5 11. Nd2 e5 12. dxe5 dxe5 13. Nc4 Na6 14. Qd6 Rd8 15. Rad1 Qxd6 16. Nxd6 Nf8 17. Bb6 Rd7 18. Bg4 Ne6 19. Nxc8 Rxd1 20. Ne7+ Kf8 21. Nxg6+ hxg6 22. Rxd1 Nac5 23. Bxe6 Nxe6 24. Rd7 Rb8 25. Ba7 Ke8 26. Rxf7 Kxf7 27. Bxb8 Nd4 28. Bc7 1-0

[Event "SCO-ch 126th"]
[Site "Edinburgh"]
[Date "2019.07.06"]
[Round "1"]
[White "Ridge, Michael"]
[Black "Banzea, Alexandru Bogdan"]
[Result "0-1"]
[WhiteElo "1873"]
[BlackElo "2405"]
[PlyCount "80"]
[EventDate "2019.07.06"]
[EventType "swiss"]
[EventRounds "9"]
[EventCountry "SCO"]
[SourceTitle "CBM 191 Extra"]
[Source "ChessBase"]
[SourceDate "2019.09.30"]
[SourceVersion "1"]
[SourceVersionDate "2019.09.30"]
[SourceQuality "1"]

1. c4 g6 2. Nc3 Bg7 3. d4 Nf6 4. e4 0-0 5. Be2 d6 6. f4 c5 7. Nf3 Nfd7 8. d5 Na6 9. Be3 Nc7 10. Rc1 a6 11. a4 Rb8 12. Qd2 f5 13. e5 dxe5 14. fxe5 Nxe5 15. Bxc5 Nxf3+ 16. Bxf3 b6 17. Be3 e5 18. dxe6 Bxe6 19. Qxd8 Rfxd8 20. Bf4 Rd7 21. Nd5 Bxd5 22. Bxd5+ Kh8 23. Bxc7 Rxc7 24. Rc2 Re8+ 25. Kd1 Bd4 26. Re1 Be3 27. g3 Re5 28. Rce2 Rxd5+ 29. Kc2 Bg5 30. h4 Bf6 31. Re6 Kg7 32. Rxb6 Rxc4+ 33. Kb3 Re4 34. Rc1 Rd3+ 35. Ka2 Rxa4+ 36. Kb1 Rd7 37. Rcc6 Bd4 38. Rxa6 Rxa6 39. Rxa6 Rb7 40. Ra2 Ra7 0-1

[Event "London Classic U2050 op 10th"]
[Site "London"]
[Date "2018.12.16"]
[Round "5"]
[White "Niedbal, Piotr"]
[Black "Ridge, Michael"]
[Result "0-1"]
[WhiteElo "1940"]
[BlackElo "1841"]
[PlyCount "92"]
[EventDate "2018.12.14"]
[EventType "swiss"]
[EventRounds "5"]
[EventCountry "ENG"]
[SourceTitle "CBM 187 Extra"]
[Source "ChessBase"]
[SourceDate "2018.11.04"]
[SourceVersion "1"]
[SourceVersionDate "2018.11.04"]
[SourceQuality "1"]

1. e4 c5 2. Nf3 g6 3. d4 cxd4 4. Nxd4 Nc6 5. c4 Bg7 6. Be3 Nf6 7. Nc3 0-0 8. Be2 d6 9. 0-0 Bd7 10. Qd2 Nxd4 11. Bxd4 Bc6 12. f3 a5 13. b3 Nd7 14. Be3 Nc5 15. Rab1 e6 16. Rfd1 Be5 17. Nb5 Qh4 18. g3 Bxg3 19. hxg3 Qxg3+ 20. Kf1 Nxe4 21. fxe4 f5 22. Bf2 fxe4 23. Bg4 e3 24. Bxe6+ Kg7 25. Qd4+ Kh6 26. Ke2 Rxf2+ 27. Kd3 e2+ 28. Qe3+ Qxe3+ 29. Kxe3 exd1Q 30. Rxd1 Rf3+ 31. Kd2 Rf2+ 32. Kc3 Raf8 33. Nxd6 R8f3+ 34. Kd4 Rxa2 35. c5 Rff2 36. Nc4 a4 37. b4 Rae2 38. Bc8 Re4+ 39. Kc3 Rf3+ 40. Rd3 Rxd3+ 41. Kxd3 Re8 42. Nd6 a3 43. Kc3 a2 44. Kb2 Re2+ 45. Ka1 Bd5 46. Bxb7 Re1+ 0-1

[Event "North Wales op"]
[Site "Llandudno"]
[Date "2017.07.02"]
[Round "4"]
[White "Ridge, Michael"]
[Black "Waterfield, John"]
[Result "1-0"]
[WhiteElo "1872"]
[BlackElo "1967"]
[PlyCount "49"]
[EventDate "2017.06.30"]
[EventType "swiss"]
[EventRounds "5"]
[EventCountry "WLS"]
[SourceTitle "EXT 2019"]
[Source "ChessBase"]
[SourceDate "2018.10.10"]
[SourceVersion "1"]
[SourceVersionDate "2018.10.10"]
[SourceQuality "1"]

1. c4 Nf6 2. Nc3 g6 3. e4 d6 4. d4 Bg7 5. Be2 0-0 6. f4 c5 7. Nf3 cxd4 8. Nxd4 Nc6 9. Be3 Qb6 10. Nc2 Qa5 11. 0-0 Bd7 12. Rb1 a6 13. Kh1 Rab8 14. b4 Qc7 15. Qd2 b6 16. b5 axb5 17. cxb5 Na5 18. e5 dxe5 19. fxe5 Rfc8 20. exf6 Qxc3 21. Qxd7 Qxc2 22. Rbc1 Qxe2 23. Rxc8+ Rxc8 24. Qxc8+ Bf8 25. fxe7 1-0

[Event "London Weekend op 12"]
[Site "London"]
[Date "2016.12.10"]
[Round "3"]
[White "Ridge, Michael"]
[Black "Saravanan, Karthik"]
[Result "1/2-1/2"]
[WhiteElo "1881"]
[BlackElo "1754"]
[PlyCount "48"]
[EventDate "2016.12.09"]
[EventType "swiss"]
[EventRounds "5"]
[EventCountry "ENG"]
[SourceTitle "CBM 176 Extra"]
[Source "ChessBase"]
[SourceDate "2017.03.02"]
[SourceVersion "1"]
[SourceVersionDate "2017.03.02"]
[SourceQuality "1"]

1. c4 f5 2. Nc3 Nf6 3. Nf3 e6 4. g3 Be7 5. Bg2 0-0 6. 0-0 d6 7. d4 a5 8. Re1 Ne4 9. Qd3 Nxc3 10. bxc3 Bf6 11. e4 fxe4 12. Qxe4 Nc6 13. h4 e5 14. Ng5 Bxg5 15. Bxg5 Qe8 16. Qd5+ Kh8 17. Qb5 Qf7 18. Be3 exd4 19. cxd4 Nb4 20. Be4 c6 21. Qg5 Qxc4 22. Qh5 Qg8 23. a3 Nd5 24. Bxd5 cxd5 1/2-1/2

[Event "Dundee & Angus op"]
[Site "Dundee"]
[Date "2016.10.09"]
[Round "5"]
[White "Newton, Andrew"]
[Black "Ridge, Michael"]
[Result "1/2-1/2"]
[WhiteElo "1912"]
[BlackElo "1837"]
[PlyCount "66"]
[EventDate "2016.10.07"]
[EventType "swiss"]
[EventRounds "5"]
[EventCountry "SCO"]
[SourceTitle "EXT 2023"]
[Source "ChessBase"]
[SourceDate "2022.10.05"]
[SourceVersion "1"]
[SourceVersionDate "2022.10.05"]
[SourceQuality "1"]

1. d4 Nf6 2. c4 g6 3. d5 Bg7 4. Nc3 d6 5. e4 0-0 6. Nge2 c6 7. Ng3 e6 8. h4 exd5 9. cxd5 cxd5 10. exd5 Qa5 11. Qd2 Re8+ 12. Be2 Na6 13. 0-0 Nc5 14. Rb1 Qb4 15. Qf4 Qxf4 16. Bxf4 Nfe4 17. Ncxe4 Nxe4 18. Bb5 Nxg3 19. Bxg3 Rd8 20. b3 Bf5 21. Rbc1 a6 22. Be2 Bf8 23. Rc7 Be4 24. Rd1 Rac8 25. Rxb7 Rc2 26. Bxa6 Rxa2 27. Bc4 Rda8 28. b4 Rb2 29. Re1 Bc2 30. Rb6 Ra4 31. Bxd6 Bxd6 32. Rxd6 Rbxb4 33. Bf1 Rxh4 1/2-1/2

[Event "Livingston op 1st"]
[Site "Livingston"]
[Date "2016.01.31"]
[Round "4.15"]
[White "Ridge, Michael"]
[Black "Campbell, Duncan AF"]
[Result "1-0"]
[WhiteElo "1927"]
[BlackElo "1955"]
[PlyCount "56"]
[EventDate "2016.01.29"]
[EventType "swiss"]
[EventRounds "5"]
[EventCountry "ENG"]
[SourceTitle "EXT 2023"]
[Source "ChessBase"]
[SourceDate "2022.10.05"]
[SourceVersion "1"]
[SourceVersionDate "2022.10.05"]
[SourceQuality "1"]

1. Nf3 f5 2. d3 Nf6 3. e4 fxe4 4. dxe4 Nxe4 5. Bd3 Nf6 6. Ng5 e5 7. Bxh7 Bb4+ 8. c3 Rxh7 9. Nxh7 Bc5 10. Nxf6+ Qxf6 11. 0-0 d5 12. Qxd5 Bd6 13. Nd2 Nc6 14. Ne4 Qg6 15. Nxd6+ cxd6 16. Qf3 Bf5 17. Qg3 Qh7 18. Bg5 Kd7 19. Rad1 Re8 20. b4 Re6 21. b5 Ne7 22. Bxe7 Kxe7 23. b6 a6 24. Qg5+ Ke8 25. f4 Rg6 26. Qxf5 Rxg2+ 27. Kxg2 Qxf5 28. fxe5 Qg4+ 1-0

[Event "BCF-chT3Nb 1516 (4NCL)"]
[Site "England"]
[Date "2016.01.16"]
[Round "3.110"]
[White "Coward, Neil"]
[Black "Ridge, Michael"]
[Result "0-1"]
[WhiteElo "1952"]
[BlackElo "1921"]
[PlyCount "72"]
[EventDate "2015.11.14"]
[EventType "team-swiss"]
[EventRounds "7"]
[EventCountry "ENG"]
[SourceTitle "CBM 170 Extra"]
[Source "ChessBase"]
[SourceDate "2016.02.25"]
[SourceVersion "1"]
[SourceVersionDate "2016.02.25"]
[SourceQuality "1"]
[WhiteTeam "Manchester Manticores II"]
[BlackTeam "Alba"]
[WhiteTeamCountry "ENG"]
[BlackTeamCountry "ENG"]

1. e4 c5 2. d4 cxd4 3. c3 Nf6 4. e5 Nd5 5. cxd4 d6 6. f4 dxe5 7. fxe5 e6 8. Nf3 Bb4+ 9. Bd2 Nc6 10. Nc3 Nxd4 11. Nxd5 Nxf3+ 12. gxf3 Bxd2+ 13. Qxd2 Qxd5 14. Qxd5 exd5 15. Rd1 Be6 16. Bb5+ Ke7 17. 0-0 Rac8 18. Rc1 g5 19. Kf2 Rxc1 20. Rxc1 Rc8 21. Rxc8 Bxc8 22. Ke3 Bd7 23. Bd3 h6 24. Kd4 Bc6 25. Bf5 f6 26. exf6+ Kxf6 27. Bd3 h5 28. b4 a6 29. a3 g4 30. fxg4 hxg4 31. Ke3 Ke5 32. Be2 d4+ 33. Kf2 Kf4 34. Bd1 b5 35. Bb3 d3 36. Be6 Bf3 0-1

[Event "London Classic CSC op U2000 7th"]
[Site "London"]
[Date "2015.12.05"]
[Round "3"]
[White "Ridge, Michael"]
[Black "Pein, Jonathan"]
[Result "1/2-1/2"]
[WhiteElo "1926"]
[BlackElo "1827"]
[PlyCount "33"]
[EventDate "2015.12.04"]
[EventType "swiss"]
[EventRounds "5"]
[EventCountry "ENG"]
[SourceTitle "CBM 169 Extra"]
[Source "ChessBase"]
[SourceDate "2015.12.18"]
[SourceVersion "1"]
[SourceVersionDate "2015.12.18"]
[SourceQuality "1"]

1. c4 Nf6 2. Nc3 g6 3. Nf3 Bg7 4. g3 0-0 5. Bg2 d6 6. 0-0 c6 7. d4 Qa5 8. e4 Bg4 9. h3 Bxf3 10. Bxf3 Nfd7 11. Be3 a6 12. Qd2 c5 13. d5 Qb4 14. Be2 Nb6 15. Nd1 Qa4 16. Nc3 Qb4 17. Nd1 1/2-1/2

[Event "Oban op"]
[Site "Oban"]
[Date "2015.11.22"]
[Round "5"]
[White "Marks, Ian Alexander"]
[Black "Ridge, Michael"]
[Result "1-0"]
[WhiteElo "1802"]
[BlackElo "1916"]
[PlyCount "69"]
[EventDate "2015.10.20"]
[EventType "swiss"]
[EventRounds "5"]
[EventCountry "SCO"]
[SourceTitle "EXT 2023"]
[Source "ChessBase"]
[SourceDate "2022.10.05"]
[SourceVersion "1"]
[SourceVersionDate "2022.10.05"]
[SourceQuality "1"]

1. d4 Nf6 2. Nc3 d5 3. Bg5 e6 4. e4 Bb4 5. Nge2 dxe4 6. a3 Be7 7. Bxf6 Bxf6 8. Nxe4 Be7 9. Nf4 0-0 10. c3 b6 11. Bd3 a5 12. Qf3 Ba6 13. Nf6+ Bxf6 14. Qxa8 e5 15. Bxa6 exf4 16. Be2 Re8 17. Qf3 Qe7 18. Kf1 c5 19. Bb5 cxd4 20. Bxe8 Qxe8 21. Re1 Qb5+ 22. Qe2 Qxe2+ 23. Rxe2 Kf8 24. cxd4 Bxd4 25. Rd2 Nc6 26. Ke2 Bf6 27. Rhd1 Ne5 28. b3 a4 29. bxa4 Nc4 30. Rd7 Nb2 31. Rc1 g6 32. Rcc7 Be5 33. Rxf7+ Kg8 34. Ra7 Nxa4 35. Rfe7 1-0

[Event "Dundee & Angus op"]
[Site "Dundee"]
[Date "2015.10.10"]
[Round "3"]
[White "Neave, George"]
[Black "Ridge, Michael"]
[Result "1/2-1/2"]
[WhiteElo "2130"]
[BlackElo "1916"]
[PlyCount "73"]
[EventDate "2015.10.09"]
[EventType "swiss"]
[EventRounds "5"]
[EventCountry "SCO"]
[SourceTitle "EXT 2023"]
[Source "ChessBase"]
[SourceDate "2022.10.05"]
[SourceVersion "1"]
[SourceVersionDate "2022.10.05"]
[SourceQuality "1"]

1. e4 c5 2. Nf3 g6 3. d4 cxd4 4. Nxd4 Nc6 5. c4 Nf6 6. Nc3 d6 7. f3 Nxd4 8. Qxd4 Bg7 9. Be3 0-0 10. Qd2 Be6 11. Rc1 Qa5 12. Bd3 Rfc8 13. b3 a6 14. Ne2 Qxd2+ 15. Kxd2 Nd7 16. Nf4 Bh6 17. h4 Nc5 18. Be2 f5 19. h5 Bxf4 20. Bxf4 fxe4 21. hxg6 hxg6 22. Be3 Bd7 23. b4 Nd3 24. Bxd3 exd3 25. Kxd3 a5 26. b5 Kg7 27. g4 Rh8 28. a4 Raf8 29. Ke4 Rxh1 30. Rxh1 Rc8 31. Rc1 Be6 32. c5 dxc5 33. Bxc5 Kf7 34. Rc3 b6 35. Bd4 Rxc3 36. Bxc3 Bb3 37. Bd4 1/2-1/2

[Event "SCO-ch 122nd"]
[Site "Edinburgh"]
[Date "2015.07.17"]
[Round "7"]
[White "Ridge, Michael"]
[Black "Orr, Mark JL"]
[Result "1/2-1/2"]
[WhiteElo "1917"]
[BlackElo "2260"]
[PlyCount "47"]
[EventDate "2015.07.11"]
[EventType "swiss"]
[EventRounds "9"]
[EventCountry "SCO"]
[SourceTitle "CBM 167 Extra"]
[Source "ChessBase"]
[SourceDate "2015.09.14"]
[SourceVersion "1"]
[SourceVersionDate "2015.09.14"]
[SourceQuality "1"]

1. e4 c5 2. Nf3 Nc6 3. d4 cxd4 4. Nxd4 g6 5. c4 Nf6 6. Nc3 d6 7. Be2 Nxd4 8. Qxd4 Bg7 9. Bg5 0-0 10. Qd2 Be6 11. Rc1 Nd7 12. f3 a5 13. Nd5 Bxd5 14. cxd5 Qb6 15. Be3 Nc5 16. b3 Qb4 17. Rc4 Qxd2+ 18. Kxd2 b6 19. Rc2 f5 20. Bd3 f4 21. Bf2 g5 22. h3 Be5 23. Bb5 Ra7 24. Rb1 1/2-1/2